Top 100 US Baby Girls' Names of the 1980s - Statistics

General Stats
  • This quiz has been taken 3,500 times
  • The average score is 57 of 100
Answer Stats
Hint Answer % Correct
2 Jennifer
90%
35 Mary
90%
9 Elizabeth
88%
1 Jessica
88%
30 Sara
88%
49 Kathryn
85%
52 Anna
84%
67 Catherine
84%
32 Katherine
84%
38 Kristen
84%
43 Kristin
84%
23 Laura
84%
16 Rachel
84%
25 Emily
83%
3 Amanda
80%
91 Hannah
80%
31 Lisa
80%
22 Rebecca
80%
15 Amy
78%
48 Maria
78%
6 Stephanie
78%
56 Victoria
78%
51 Julie
76%
19 Lauren
76%
7 Melissa
76%
12 Michelle
76%
8 Nicole
76%
26 Samantha
73%
4 Ashley
71%
18 Christina
71%
88 Julia
71%
29 Kelly
71%
60 Kristina
71%
17 Kimberly
70%
5 Sarah
70%
50 Allison
68%
55 Natalie
68%
94 Susan
68%
24 Danielle
66%
84 Karen
66%
27 Angela
65%
93 Brittney
65%
79 Meghan
65%
41 Katie
64%
75 Diana
63%
10 Heather
63%
95 Margaret
63%
61 Patricia
62%
14 Megan
60%
13 Amber
58%
21 Brittany
57%
45 Christine
57%
11 Tiffany
57%
85 Alexandra
56%
37 Courtney
56%
28 Erin
56%
33 Andrea
55%
47 Vanessa
55%
82 Melanie
52%
99 Bethany
50%
96 Sandra
49%
74 Stacy
49%
59 Holly
48%
46 Alicia
47%
57 Monica
47%
20 Crystal
46%
73 Krystal
46%
36 Erica
45%
81 Leah
45%
70 Veronica
45%
39 Shannon
44%
86 Valerie
43%
89 Alyssa
42%
78 Jenna
42%
69 Kathleen
41%
54 Kayla
41%
44 Lindsay
41%
42 Lindsey
41%
68 Cynthia
39%
58 Jacqueline
39%
34 Jamie
38%
62 Cassandra
37%
65 Chelsea
37%
90 Jasmine
36%
80 Carrie
35%
72 Natasha
35%
83 Brooke
32%
40 April
31%
53 Tara
31%
71 Leslie
29%
77 Dana
28%
64 Whitney
26%
92 Stacey
25%
87 Caitlin
21%
63 Brandy
16%
97 Candice
14%
76 Erika
13%
100 Misty
13%
66 Brandi
8%
98 Latoya
6%
No matching quizzes found
Score Distribution
Percent of People with Each Score
Percentile by Number Answered
Your Score History
You have not taken this quiz